| 000 | 00355nam a2200145Ia 4500 | ||
|---|---|---|---|
| 008 | 230312s9999||||xx |||||||||||||| ||und|| | ||
| 020 | _a84-9936-247-2 | ||
| 082 |
_a747.9 _bSCH-T |
||
| 100 | _aSchleifer;Simone | ||
| 245 | 0 | _a500 tricks Accessories | |
| 260 |
_bLOFT _achina _c2011 |
||
| 300 | _a255 | ||
| 650 |
_aArchitecture _vArchitecture |
||
| 942 | _cBK | ||
| 999 |
_c12666 _d12666 |
||